Ljudi s Kon Ko /

Uložené v:
Podrobná bibliografia
Hlavný autor: Nguyễn, Khải, 1930-2008 (Author)
Médium: Kniha
Jazyk:Russian
Vietnamese
Vydané: Chanoj : Izdatel´stvo literatury na inostrannych jazykach, 1967.
ISBN: (brož.)
Fyzický popis: 121 s.
Tagy: Pridať tag
Žiadne tagy, Buďte prvý kto otaguje tento záznam!

MARC

LEADER 00000nam a22000002a 4500
001 000426413
005 20130708215105.0
008 090605s1967 vm er rus d
020 |a (brož.) 
040 |a SVKKK  |b slo  |c SVKKK  |e AACR2 
041 1 |a rus  |h vie 
044 |a vm  |c VN 
100 1 |a Nguyễn, Khải,  |d 1930-2008  |4 aut 
245 1 0 |a Ljudi s Kon Ko /  |c Ngujen Kchaj. 
260 |a Chanoj :  |b Izdatel´stvo literatury na inostrannych jazykach,  |c 1967. 
300 |a 121 s. 
910 |a svkkk 
998 |a BK 
090 |g SCKHL  |k Sklad Hlavná 10 suterén  |a I.34780  |j 414460  |i 2720621862  |s Absenčne